1452 1029 1326 1374 1111 1241 1052 1041 1043 1036 1003 1831 1795 1658 1013 1508 1805 1216 1306 1004 1436 1131 1492 1263 1889 1351 1614 1539 1793 1351 1076 1271 1397 1012 1077 1119 1262 1003 1423 1289 1567 1204 1824 1589 1940 1422 1800 1898 1179 1899 1926 1772 1269 1943 1040 1003 1873 1788 1951 1313 1317 1906 1427 1314 1712 1865 1231 1826 1410 1192 2000 1058 1403 1570 1223 1242 1618 1659 1950 1652 1185 1300 1151 1918 1894 1012 1305 1766 1917 1061 1218 1681 1452 1881 1312 1063 1048 1915 1489 BCNSPRNW ULIB Ver.6.0+V

เปลี่ยนเป็นภาษาไทย

Change to English
 แสดงรายละเอียดบรรณานุกรม
  กลับหน้าหลัก

Brief Record : Get Marc (ISO 2709) : E-mail record : QR code < ปิดหน้าต่าง
LEADER : 00000nam a2200000Ia 4500
001    13399119973
003     ULIB
008    120501s2554 th a 000 0 tha d
020    ^a9786162710018
060 04 ^aWF26^bก456
245 00 ^aการนำเครื่องช่วยหายใจชนิด Non-invasive มาใช้ในเวชปฏิบัติ =^bPractical application of non-invasive ventilation /^cรังสรรค์ ภูรยานนทชัย, บรรณาธิการ
246 31 ^aPractical application of non-invasive ventilation
250    ^aพิมพ์ครั้งที่ 1
260    ^aสงขลา :^bคณะแพทยศาสตร์ มหาวิทยาลัยสงขลานครินทร์,^c2554
300    ^a160 หน้า :^bภาพประกอบ ;^c22 ซม.
650  4 ^aเครื่องช่วยหายใจ
650  4 ^aเครื่องช่วยหายใจ^xการใช้รักษา
700 0  ^aรังสรรค์ ภูรยานนทชัย,^eบรรณาธิการ
710 2  ^aมหาวิทยาลัยสงขลานครินทร์. ^bคณะแพทยศาสตร์
945    ^p300^l0^i19241
945    ^p300^l0^i19242
945    ^p300^l0^i19622
945    ^p300^l0^i19623
995    ^aเกษร
999    ^aใช้งานได้ทุกระบบ
รายการนี้ยังไม่มีแท็ก
คุณยังไม่ได้ล็อกอิน คุณสามารถมีกิจกรรมร่วมกับเว็บไซต์ได้ แต่ต้องล็อกอินก่อน ::
  ล็อกอิน

รายการสื่อสารสนเทศ

ลำดับที่ ประเภท เลขเรียก/บาร์โค้ด สถานที่ สถานะ
1. วิทยาศาสตร์การแพทย์ และสุขภาพ
วิทยาศาสตร์การแพทย์ และสุขภาพ
สถานะ=หนังสือเก่า
WF26 ก456 ฉ.1 
  Barcode: 19241
ห้องสมุดวิทยาเขตนครสวรรค์
►ส่วนจัดเก็บหนังสือเก่า นว.
บนชั้น
  ขอยืม
2. วิทยาศาสตร์การแพทย์ และสุขภาพ
วิทยาศาสตร์การแพทย์ และสุขภาพ
สถานะ=หนังสือเก่า
WF26 ก456 ฉ.2 
  Barcode: 19242
ห้องสมุดวิทยาเขตนครสวรรค์
►ส่วนจัดเก็บหนังสือเก่า นว.
บนชั้น
  ขอยืม
3. วิทยาศาสตร์การแพทย์ และสุขภาพ
วิทยาศาสตร์การแพทย์ และสุขภาพ
สถานะ=หนังสือเก่า
WF26 ก456 ฉ.3 
  Barcode: 19622
ห้องสมุดวิทยาเขตนครสวรรค์
►ส่วนจัดเก็บหนังสือเก่า นว.
บนชั้น
  ขอยืม
4. วิทยาศาสตร์การแพทย์ และสุขภาพ
วิทยาศาสตร์การแพทย์ และสุขภาพ
สถานะ=หนังสือเก่า
WF26 ก456 ฉ.4 
  Barcode: 19623
ห้องสมุดวิทยาเขตนครสวรรค์
►ส่วนจัดเก็บหนังสือเก่า นว.
บนชั้น
  ขอยืม

รายการใกล้เคียง
    หัวเรื่อง [เครื่องช่วยหายใจ]

BibComment


ยังไม่เคยถูกคอมเมนท์

คอมเมนท์ทรัพยากรรายการนี้
  คอมเมนท์: การนำเครื่องช่วย..


 Copyright 2026. Bcnsprnw @Library